| 000 | 00634nam a2200217 u 4500 | ||
|---|---|---|---|
| 005 | 20210223133510.0 | ||
| 008 | 180207s2005 r 000 0 eng d | ||
| 020 | _a8478448403 | ||
| 035 | _aUPN01000222785 | ||
| 049 | _aCG | ||
| 050 | 4 |
_aPT2661 R4.6 _bC5.5 |
|
| 100 | 1 |
_aArjouni, Jakob, _d1964-2013 _941548 |
|
| 245 | 1 | 0 |
_aCinco idiotas / _cJakob Arjouni ; tr. María Falcón Quintana. |
| 260 |
_aBarcelona, Esp. : _bSiruela, _c2005. |
||
| 300 | _a137 p. | ||
| 440 | 0 |
_aNuevos tiempos ; _v55 |
|
| 534 |
_pTítulo original: _tIdioten. Funf Märchen |
||
| 650 | 4 |
_aCUENTOS ALEMANES _98048 |
|
| 905 | _aLibro | ||
| 999 |
_c194882 _d194882 |
||